| 000 | 00549nam a22001697a 4500 | ||
|---|---|---|---|
| 005 | 20251108173357.0 | ||
| 008 | 250721s2004 xx 000 0 ara d | ||
| 082 | 1 | 4 | _a641.8/موس |
| 100 | 1 | _aموسى، محمد | |
| 245 | 1 | 0 | _aأشهى المشروبات الساخنة والباردة / |
| 264 | 1 |
_aعمان : _bدار الإسراء للنشر والتوزيع، _c2004. |
|
| 300 | _a79 ص. | ||
| 650 | 1 | 7 | _aالمشروبات المثلجة |
| 650 | 1 | 7 | _aالمشروبات غير الكحولية |
| 942 |
_2ddc _cBK |
||
| 999 |
_c102463 _d102463 |
||